| 000 | 01390nam a2200265 a 4500 | ||
|---|---|---|---|
| 001 | 39633 | ||
| 003 | BD-RjUL | ||
| 005 | 20211209053030.0 | ||
| 008 | 160413r20152002bg ||||| |||| 00| 0 ben d | ||
| 020 |
_a9847000002778 _c:TK 200.00 |
||
| 035 | _a(BD-RjUL)39746 | ||
| 040 |
_aBD-RjUL _bben _cBD-RjUL |
||
| 041 | _aben | ||
| 082 |
_223 _a398.209596 _bCAC 2015 |
||
| 100 |
_aক্যারিসন, মুরিয়েল পাসকিন _9122046 |
||
| 245 | 1 | 0 |
_aগতিলোক থেকে নির্বাচিত ক্যাম্বোডিয়ার লোককাহিনী / _cমুরিয়েল পাসকিন ক্যারিসন, ভেনারেবল কং চিয়ান; জাহাঙ্গীর মোহাম্মদ ভাসান্তর |
| 260 |
_aঢাকা : _bজাতীঊয় সাহিত্য প্রকাশ, _c২০১৫ |
||
| 300 |
_a১২৮ প্রি. ; _c২২ সেমি. |
||
| 504 | _aগ্রন্থপঞ্জি সম্বলিত | ||
| 650 |
_aফোকলোর _zক্যাম্বোডিয়া _9122047 |
||
| 650 |
_aFolklore _zCambodia _9122048 |
||
| 700 |
_aচিয়ান, ভেনারেবল কং _9122049 |
||
| 700 |
_a মোহাম্মদ, জাহাঙ্গীর ভাসান্তর _9122050 |
||
| 942 |
_2ddc _cBK _02 |
||
| 999 |
_c39633 _d39633 |
||